000 00438nam a2200181Ia 4500
001 2997
005 20260306144848.0
008 260306t2010||||xx |||||||||||||| ||spa||
041 _aESP
082 _a240
_bM41
100 _aMelina, Livio
_eAUT
245 0 _aPor una cultura de la familia:
_bel lenguaje del amor
260 _c2010
300 _a260 páginas :
_c22 cm.
650 _aGEN
654 _aCHU
942 _cLIB
_dJUS
_fJUS
_2ddc
_n
999 _c2997
_d2997